Catálogo
 En Linea

Matemática financiera : (Registro nro. 23375)

Detalles MARC
000 -CABECERA
campo de control de longitud fija 00483nam a2200169 a 4500
001 - NÚMERO DE CONTROL
campo de control 000023879
005 - FECHA Y HORA DE LA ÚLTIMA TRANSACCIÓN
campo de control 20200930022534.0
008 - DATOS DE LONGITUD FIJA--INFORMACIÓN GENERAL
campo de control de longitud fija 110114s2000 sp a r 000 0 spa d
020 ## - NÚMERO INTERNACIONAL ESTÁNDAR DEL LIBRO
Número Internacional Estándar del Libro 8480881240
040 ## - FUENTE DE LA CATALOGACIÓN
Centro catalogador/agencia de origen DO-SdBNP
Lengua de catalogación spa
Centro/agencia transcriptor BNPHU
082 ## - NÚMERO DE LA CLASIFICACIÓN DECIMAL DEWEY
Número de clasificación xxxxx
Número de documento/Ítem S232m
100 1# - ENTRADA PRINCIPAL--NOMBRE DE PERSONA
Nombre de persona Santandreu, Pol
9 (RLIN) 49124
245 10 - MENCIÓN DE TÍTULO
Título Matemática financiera :
Resto del título con ejercicios resueltos /
Mención de responsabilidad, etc. Pol Santandreu.
250 ## - MENCIÓN DE EDICIÓN
Mención de edición 2a ed.
260 ## - PUBLICACIÓN, DISTRIBUCIÓN, ETC.
Lugar de publicación, distribución, etc. Madrid :
Nombre del editor, distribuidor, etc. Gestión,
Fecha de publicación, distribución, etc. 2000.
300 ## - DESCRIPCIÓN FÍSICA
Extensión 191 p. :
Otras características físicas il. ;
Dimensiones 22 cm.
Existencias
Estado de retiro Estado de pérdida Restricciones de uso No para préstamo Código de colección Localización permanente Ubicación/localización actual Ubicación en estantería Fecha de adquisición Número de inventario Total de préstamos Signatura topográfica completa Código de barras Fecha visto por última vez Precio válido a partir de Tipo de ítem Koha
        Monografías: Libros y Folletos General General Depósito 14.01.2011 LF1   xxxxx S232m 23879-10 25.06.2020 25.06.2020 Préstamo en sala

Con tecnología Koha